[Event "English Online Blitz Gp1"]
[Site "chess.com INT"]
[Date "2020.05.09"]
[Round "5"]
[White "Friar, James P"]
[Black "Baker, Chris W"]
[Result "0-1"]
[BlackTitle "IM"]
[WhiteElo "1591"]
[BlackElo "2227"]
[WhiteFideId "424137"]
[BlackFideId "401676"]
[EventDate "2020.05.09"]
[EventType "blitz"]

1. d4 Nf6 2. Nc3 d5 3. Bg5 e6 4. e4 Be7 5. e5 Nfd7 6. Bxe7 Qxe7 7. f4 c5 8. Nf3
Nc6 9. Nb5 O-O 10. Qd2 f6 11. O-O-O fxe5 12. dxe5 a6 13. Nd6 c4 14. g4 Nc5 15.
Bg2 Ne4 16. Qe3 Nxd6 17. exd6 Qxd6 18. Ne5 Nxe5 19. fxe5 Qe7 20. g5 Bd7 21. h4
Rac8 22. c3 b5 23. Rdg1 Qc5 24. Qxc5 Rxc5 25. Bh3 Rcc8 26. h5 Rf2 27. Rf1 Rcf8
28. Rxf2 Rxf2 29. Rf1 Rxf1+ 30. Bxf1 h6 31. Kd2 hxg5 32. Ke3 Kh7 33. Kf3 Kh6 34.
Kg4 Be8 35. Bh3 Bxh5+ 36. Kg3 Bf7 0-1

[Event "English Online Blitz Gp1"]
[Site "chess.com INT"]
[Date "2020.05.09"]
[Round "5"]
[White "Rizvi, Nasir"]
[Black "Stepanyan, Henrik"]
[Result "0-1"]
[WhiteElo "1989"]
[BlackElo "2196"]
[WhiteFideId "1800540"]
[BlackFideId "401030"]
[EventDate "2020.05.09"]
[EventType "blitz"]

1. d4 d5 2. Nc3 Nf6 3. Bf4 a6 4. e3 e6 5. Nf3 c5 6. dxc5 Bxc5 7. Bd3 Nc6 8. O-O
O-O 9. e4 d4 10. Ne2 Re8 11. e5 Nd5 12. Bg3 b5 13. Nf4 Bb7 14. h4 Nxf4 15. Bxf4
h6 16. Qd2 Ne7 17. Bxh6 gxh6 18. Qxh6 Nf5 19. Bxf5 exf5 20. Ng5 Qd5 21. f3 Rxe5
22. Rae1 Rxe1 23. Rxe1 d3+ 24. Kh1 Bd4 25. cxd3 Bg7 26. Qh7+ Kf8 27. h5 f4 28.
Ne4 Re8 29. Kg1 Qe6 30. Rc1 Rc8 31. Nc5 Rxc5 32. Rxc5 Qe3+ 33. Kf1 Qxc5 34. h6
Qc1+ 35. Ke2 Qe3+ 36. Kd1 Bxb2 37. Qf5 Bc3 0-1

[Event "English Online Blitz Gp1"]
[Site "chess.com INT"]
[Date "2020.05.09"]
[Round "5"]
[White "Storey, Charles H"]
[Black "Paul, Nathanael"]
[Result "0-1"]
[WhiteTitle "FM"]
[WhiteElo "2220"]
[BlackElo "1993"]
[WhiteFideId "406686"]
[BlackFideId "424510"]
[EventDate "2020.05.09"]
[EventType "blitz"]

1. e4 c6 2. d4 d5 3. exd5 cxd5 4. Bd3 Nc6 5. c3 Qc7 6. Ne2 Bg4 7. f3 Bd7 8. Bf4
e5 9. dxe5 Nxe5 10. O-O Bd6 11. Kh1 Nf6 12. Na3 a6 13. Bc2 O-O 14. Nd4 Nc4 15.
Bxd6 Qxd6 16. Nxc4 dxc4 17. Qe1 Rfe8 18. Qh4 h6 19. Rad1 Qc5 20. h3 Nd5 21. Qh5
Rac8 22. Bf5 Bxf5 23. Nxf5 Ne3 24. g4 Nxf1 25. Rxf1 Re2 26. Qh4 Rxb2 27. Ne7+
Kf8 28. Nxc8 Qxc8 29. Re1 Qc7 30. Qh5 Qh2# 0-1

[Event "English Online Blitz Gp1"]
[Site "chess.com INT"]
[Date "2020.05.09"]
[Round "5"]
[White "Pert, Richard G"]
[Black "Sucikova, Svetlana"]
[Result "1-0"]
[WhiteTitle "IM"]
[BlackTitle "WFM"]
[WhiteElo "2416"]
[BlackElo "2171"]
[WhiteFideId "404748"]
[BlackFideId "14923653"]
[EventDate "2020.05.09"]
[EventType "blitz"]

1. d4 d5 2. Nf3 Nf6 3. Bf4 c6 4. e3 Bf5 5. c4 e6 6. Nc3 Nbd7 7. Bd3 Bg6 8. O-O
Be7 9. h3 O-O 10. Rc1 Ne4 11. Bxe4 dxe4 12. Nd2 f5 13. c5 Kh8 14. Nc4 Nf6 15.
Nd6 Qd7 16. b4 a6 17. Qb3 Bf7 18. Be5 Nd5 19. a4 Bf6 20. b5 Bxe5 21. dxe5 axb5
22. axb5 Ra5 23. Rfd1 Rfa8 24. bxc6 bxc6 25. Nxd5 exd5 26. Qc3 Bh5 27. Rd4 Be2
28. Rb4 R5a7 29. Rcb1 h6 30. Rb7 Qe6 31. Rxa7 Rxa7 32. Rb8+ Kh7 33. Qb2 Bc4 34.
Re8 Qg6 35. e6 Ra2 36. Qe5 Qf6 37. Qxf6 gxf6 38. e7 Ra7 39. Rh8+ Kxh8 40. e8=Q+
Kg7 41. Nxf5+ 1-0

[Event "English Online Blitz Gp1"]
[Site "chess.com INT"]
[Date "2020.05.09"]
[Round "5"]
[White "Cooper, Lawrence H"]
[Black "Horton, Andrew P"]
[Result "1-0"]
[WhiteTitle "IM"]
[BlackTitle "IM"]
[WhiteElo "2331"]
[BlackElo "2375"]
[WhiteFideId "401536"]
[BlackFideId "424269"]
[EventDate "2020.05.09"]
[EventType "blitz"]

1. d4 Nf6 2. c4 e6 3. Nf3 Bb4+ 4. Bd2 Qe7 5. g3 Bxd2+ 6. Nbxd2 d6 7. e4 e5 8. d5
O-O 9. Bg2 a5 10. O-O Na6 11. Ne1 Nc5 12. Qe2 c6 13. Nd3 Nxd3 14. Qxd3 cxd5 15.
cxd5 Bd7 16. Rac1 Rfc8 17. Qa3 Bb5 18. Rfe1 a4 19. Qb4 Qd7 20. Bf1 Bxf1 21. Rxf1
b5 22. Kg2 h5 23. h4 g6 24. Nb1 Rc5 25. Rxc5 dxc5 26. Qxc5 Nxe4 27. Qc6 Rd8 28.
Qxd7 Rxd7 29. Re1 Nf6 30. Rxe5 Nxd5 31. a3 Kg7 32. Kf3 Kf6 33. Ke4 Nc7 34. Rc5
Ke7 35. Nc3 Ne6 36. Rxb5 Rd2 37. Ke3 Rc2 38. Nxa4 Kd6 39. Nc3 Kc6 40. Rb4 Nc5
41. a4 Rc1 42. Rc4 1-0

[Event "English Online Blitz Gp1"]
[Site "chess.com INT"]
[Date "2020.05.09"]
[Round "5"]
[White "Stojanas, Justinas"]
[Black "Dong, Bao Nghia"]
[Result "0-1"]
[BlackTitle "CM"]
[WhiteElo "2106"]
[BlackElo "2227"]
[WhiteFideId "12802328"]
[BlackFideId "12400343"]
[EventDate "2020.05.09"]
[EventType "blitz"]

1. e4 e6 2. Nf3 d5 3. e5 a5 4. a4 Bc5 5. d4 Ba7 6. c3 Ne7 7. Bd3 c5 8. Be3 Nbc6
9. dxc5 Ng6 10. Bxg6 hxg6 11. Bd4 Qe7 12. Nbd2 Bxc5 13. Bxc5 Qxc5 14. Nb3 Qb6
15. O-O Rh5 16. Re1 Bd7 17. Nbd4 Nxd4 18. Nxd4 Rc8 19. Qd2 g5 20. b4 axb4 21.
cxb4 Rc4 22. Nb5 Bxb5 23. axb5 Qxb5 24. Ra8+ Ke7 25. h3 Qxb4 26. Qd1 Rhh4 27.
Qa1 Qc5 28. Rb1 Rb4 29. Rc1 Rhc4 30. Rxc4 Rxc4 31. Kh2 Qxf2 32. Qd1 Qf4+ 33. g3
Qf2+ 34. Kh1 Qxg3 0-1

[Event "English Online Blitz Gp1"]
[Site "chess.com INT"]
[Date "2020.05.09"]
[Round "5"]
[White "Jones, Gawain C B"]
[Black "Haydon, David L"]
[Result "1-0"]
[WhiteTitle "GM"]
[BlackTitle "FM"]
[WhiteElo "2670"]
[BlackElo "2294"]
[WhiteFideId "409561"]
[BlackFideId "415405"]
[EventDate "2020.05.09"]
[EventType "blitz"]

1. e4 c6 2. d4 d5 3. e5 Bf5 4. h4 h5 5. c4 e6 6. Nc3 dxc4 7. Nge2 Ne7 8. Bg5 Qb6
9. Qd2 Nd5 10. Ng3 Bg6 11. Bxc4 Nd7 12. O-O Nxc3 13. bxc3 Qc7 14. f4 Nb6 15. Bb3
Nd5 16. f5 exf5 17. Nxf5 Qd7 18. Nd6+ Bxd6 19. exd6 Qxd6 20. Rae1+ Kf8 21. c4
Nf6 22. c5 Qd7 23. Rxf6 gxf6 24. Bxf6 Rh7 25. Qf4 Re8 26. Rxe8+ Qxe8 27. Qd6+
Kg8 28. Be5 Bf5 29. Qf6 Qd7 30. a4 Kf8 31. Bc4 Bg6 32. Bd6+ Ke8 33. d5 a6 34.
dxc6 bxc6 35. Qe5+ Kd8 36. Qg5+ Ke8 37. Qe3+ Kd8 38. Bxa6 f6 39. Qb3 Ke8 40.
Qb8+ Qd8 41. Qb3 Bf7 42. Qe3+ Kd7 43. Bd3 Qg8 44. Qe7+ 1-0

[Event "English Online Blitz Gp1"]
[Site "chess.com INT"]
[Date "2020.05.09"]
[Round "5"]
[White "Walton, Alan J"]
[Black "Varney, Zoe"]
[Result "1-0"]
[WhiteTitle "CM"]
[WhiteElo "2120"]
[BlackElo "1917"]
[WhiteFideId "409898"]
[BlackFideId "436135"]
[EventDate "2020.05.09"]
[EventType "blitz"]

1. d4 d5 2. c4 c6 3. Nf3 Nf6 4. Nc3 e6 5. Bg5 Nbd7 6. e3 Qa5 7. cxd5 Nxd5 8. Qd2
Bb4 9. Rc1 O-O 10. Bd3 f6 11. Bh4 c5 12. a3 Bxc3 13. bxc3 Qxa3 14. e4 Ne7 15.
O-O cxd4 16. cxd4 Ng6 17. Bg3 Qe7 18. Rc7 Qe8 19. Rfc1 e5 20. Qa2+ Kh8 21. d5
Nf4 22. Bb5 Qd8 23. Bxf4 exf4 24. Nh4 Ne5 25. Qa3 f5 26. exf5 Bxf5 27. Nxf5 Rxf5
28. Qe7 Qxe7 29. Rxe7 a6 30. Bf1 b5 31. Rcc7 Rg8 32. Ra7 f3 33. Rxa6 Rh5 34. d6
Ng4 35. h3 fxg2 36. Bxg2 Nf6 37. d7 Nxd7 38. Rxd7 Re8 39. Re6 Rc8 40. Kh2 Rhc5
41. Ree7 1-0

[Event "English Online Blitz Gp1"]
[Site "chess.com INT"]
[Date "2020.05.09"]
[Round "5"]
[White "Adair, James R"]
[Black "Ghasi, Ameet K"]
[Result "0-1"]
[WhiteTitle "IM"]
[BlackTitle "IM"]
[WhiteElo "2450"]
[BlackElo "2485"]
[WhiteFideId "406252"]
[BlackFideId "409200"]
[EventDate "2020.05.09"]
[EventType "blitz"]

1. e4 c5 2. Nf3 e6 3. g3 a6 4. Bg2 b5 5. O-O Bb7 6. Qe2 Nf6 7. d3 d6 8. Nbd2
Nbd7 9. Ng5 Qc7 10. f4 Be7 11. Ndf3 h6 12. Nh3 c4 13. Nf2 Rc8 14. Bd2 Nc5 15. b3
e5 16. Nh4 cxd3 17. cxd3 g6 18. Rac1 Qd7 19. Bh3 Ne6 20. Rxc8+ Qxc8 21. Rc1 Qd7
22. Be3 exf4 23. gxf4 Nh5 24. Ng2 Bf6 25. f5 Nd4 26. Qd1 Qe7 27. Ng4 O-O 28.
Nxf6+ Qxf6 29. Rc7 Ba8 30. Bxh6 Re8 31. Be3 Nc6 32. Bg4 Ng7 33. Nf4 Ne5 34. Bh3
Qd8 35. Rc2 Qh4 36. Rg2 g5 37. f6 gxf4 38. Rxg7+ Kf8 39. Qf1 Qxf6 40. Qg2 Ng6
41. Bd4 Qxd4+ 42. Kh1 Qxg7 0-1

[Event "English Online Blitz Gp1"]
[Site "chess.com INT"]
[Date "2020.05.09"]
[Round "5"]
[White "Dunn, Maxim"]
[Black "Kuzhelev, Timur"]
[Result "1-0"]
[WhiteElo "1729"]
[BlackElo "1781"]
[WhiteFideId "456551"]
[BlackFideId "44101791"]
[EventDate "2020.05.09"]
[EventType "blitz"]

1. c4 f5 2. Nf3 g6 3. g3 Bg7 4. Bg2 Nf6 5. O-O d6 6. Nc3 O-O 7. d3 e5 8. e4 f4
9. gxf4 exf4 10. Bxf4 Nxe4 11. Nxe4 Rxf4 12. Qd2 Bh6 13. Nc3 Qf8 14. Qe3 Nc6 15.
Nd5 Rg4 16. Qe2 Bd7 17. h3 Nd4 18. Nxd4 Rxd4 19. Nxc7 Rc8 20. Ne6 Qe7 21. Nxd4
Qxe2 22. Nxe2 Re8 23. Bd5+ Kh8 24. Ng3 Bxh3 25. Rfe1 Rf8 26. Bg2 Bg4 27. Re7 Bg7
28. Rae1 h5 29. Re8 Rxe8 30. Rxe8+ Kh7 31. Ne4 Bxb2 32. Re7+ Kh6 33. Rxb7 Bd4
34. Kf1 h4 35. Rb8 h3 36. Bh1 Kh5 37. Ng3+ Kg5 38. Rb5+ Bc5 39. d4 Kf4 40. dxc5
dxc5 41. Rxc5 Bf3 42. Bxf3 Kxf3 43. Rc8 Kf4 44. Rh8 Kg4 45. Kg1 g5 46. Kh2 Kf3
47. Kxh3 g4+ 48. Kh2 Kxf2 49. Rf8+ Ke3 50. Rg8 Kd4 51. Rxg4+ Kc5 52. Kg2 a5 53.
Kf2 a4 54. Ke2 a3 55. Kd3 Kb4 56. Ne2 Kc5 57. Kc3 Kb6 58. Rg5 Kc6 59. Kb4 Kb6
60. Rg6+ Kc7 61. Kb5 Kd7 62. Ra6 Kc7 63. c5 Kb7 64. c6+ Kc7 65. Ra7+ Kd6 66. Kb6
Kd5 67. Rd7+ Ke5 68. c7 Ke4 69. c8=Q Ke5 70. Qe8+ Kf6 71. Rf7+ Kg6 72. Qg8+ Kh6
73. Rh7# 1-0

[Event "English Online Blitz Gp1"]
[Site "chess.com INT"]
[Date "2020.05.09"]
[Round "5"]
[White "Rendle, Thomas E"]
[Black "Hebden, Mark L"]
[Result "0-1"]
[WhiteTitle "IM"]
[BlackTitle "GM"]
[WhiteElo "2365"]
[BlackElo "2453"]
[WhiteFideId "408760"]
[BlackFideId "400084"]
[EventDate "2020.05.09"]
[EventType "blitz"]

1. f4 d5 2. Nf3 g6 3. g3 Bg7 4. Bg2 c5 5. O-O Nf6 6. d3 O-O 7. Nc3 d4 8. Na4
Nbd7 9. c4 dxc3 10. Nxc3 Rb8 11. a4 b6 12. h3 Bb7 13. g4 Ne8 14. Qe1 e6 15. f5
exf5 16. gxf5 Nd6 17. Bf4 Nxf5 18. Bxb8 Qxb8 19. e4 Nd4 20. Qh4 Nxf3+ 21. Bxf3
Ne5 22. Be2 Qd6 23. Rad1 Re8 24. Qf4 Qd7 25. Qg3 Nc6 26. Bg4 Qd8 27. Nb5 a6 28.
Qc7 Qxc7 29. Nxc7 Rd8 30. Nd5 b5 31. axb5 axb5 32. Nf6+ Kh8 33. Nd7 Kg8 34. Nf6+
Kh8 35. h4 Ne5 36. Be2 h5 37. Ra1 Nd7 38. Ra7 Bxf6 39. Rxb7 Kg7 40. Rxb5 Bxh4
41. d4 cxd4 42. Rd5 Nb6 43. Rxd8 Bxd8 44. Kg2 Nd7 45. b4 Ne5 46. b5 d3 47. Bd1
Bb6 48. Bb3 g5 49. Ra1 g4 50. Ra6 Nd7 51. e5 d2 52. Kf1 h4 53. Ke2 h3 54. Kxd2
g3 55. Bd5 g2 56. Ra1 g1=Q 57. Rxg1+ Bxg1 58. Ke2 Nxe5 0-1

[Event "English Online Blitz Gp1"]
[Site "chess.com INT"]
[Date "2020.05.09"]
[Round "5"]
[White "Golding, James"]
[Black "Waterfield, Mark"]
[Result "1-0"]
[WhiteElo "2067"]
[BlackElo "1641"]
[WhiteFideId "427250"]
[BlackFideId "464910"]
[EventDate "2020.05.09"]
[EventType "blitz"]

1. d4 e6 2. c4 d5 3. Nc3 Nf6 4. Bg5 Be7 5. Nf3 h6 6. Bh4 O-O 7. e3 c5 8. dxc5
dxc4 9. Bxc4 Nbd7 10. b4 b6 11. Nd4 bxc5 12. Nc6 Qe8 13. b5 Nb6 14. Be2 Bb7 15.
Bf3 Rc8 16. Nxe7+ Qxe7 17. Bxb7 Qxb7 18. Qf3 Qxf3 19. gxf3 Nfd5 20. Ne4 c4 21.
Ke2 Nb4 22. a4 c3 23. Rhc1 Rc7 24. Rxc3 Rfc8 25. Rxc7 Rxc7 26. a5 Nc4 27. Bg3
Rb7 28. Nd6 Nxd6 29. Bxd6 Rxb5 30. Rb1 Nd5 31. Rxb5 Nc3+ 32. Kd3 Nxb5 33. Bc5 a6
34. Bb4 f6 35. Kc4 Kf7 36. Kc5 Nc7 37. Kc6 Nd5 38. Bd2 Ke7 39. Kb7 Kd6 40. Kxa6
Kc6 41. Ka7 Nc7 42. Kb8 Na6+ 43. Kc8 Nc5 44. Kd8 Kd6 45. Bb4 e5 46. Bxc5+ Kxc5
47. Ke7 f5 48. Kf7 g5 49. Kg6 f4 50. Kxh6 Kb5 51. Kxg5 fxe3 52. fxe3 Kxa5 53. h4
Kb5 54. h5 Kc5 55. h6 Kd5 56. h7 e4 57. f4 Kc4 58. h8=Q 1-0

[Event "English Online Blitz Gp1"]
[Site "chess.com INT"]
[Date "2020.05.09"]
[Round "5"]
[White "Neale, George"]
[Black "Robson, Adrian"]
[Result "0-1"]
[WhiteElo "1734"]
[BlackElo "1484"]
[WhiteFideId "443174"]
[BlackFideId "1544659"]
[EventDate "2020.05.09"]
[EventType "blitz"]

1. d4 d5 2. c4 e6 3. Nc3 Nf6 4. Bg5 Be7 5. e3 O-O 6. Nf3 Nbd7 7. Rc1 h6 8. Bh4
a6 9. cxd5 exd5 10. Bd3 c6 11. Bb1 Ne4 12. Bxe7 Qxe7 13. Nxe4 dxe4 14. Nd2 Nf6
15. O-O Be6 16. Qc2 Bd5 17. a3 Rfe8 18. Nc4 Rad8 19. Nb6 Rd6 20. Qc5 Nd7 21.
Nxd5 Rxd5 22. Qxe7 Rxe7 23. Ba2 Rd6 24. Rce1 g6 25. f3 Nf6 26. fxe4 Rxe4 27. h3
Nd5 28. Bxd5 Rxd5 29. Kf2 Rb5 30. b4 a5 31. Rb1 axb4 32. Rxb4 Rxb4 33. axb4 f5
34. Ke2 Kf7 35. Kd3 Ke6 36. Rb1 Kd6 37. b5 Re7 38. bxc6 Kxc6 39. Rc1+ Kd6 40.
Re1 b5 41. Rb1 Rb7 42. e4 fxe4+ 43. Kxe4 b4 44. Kd3 Kd5 45. g4 b3 46. Kc3 b2 47.
Kd3 Rb3+ 48. Kc2 Rxh3 49. Kxb2 Kxd4 50. Rd1+ Ke5 51. Rd8 Kf4 52. Kc2 Kxg4 53.
Kd2 Rf3 54. Ke2 Rf7 55. Rd4+ Kh5 56. Rd5+ g5 57. Rd4 g4 58. Rd6 Kg5 59. Rd8 h5
60. Rg8+ Kh4 61. Rg6 Kh3 62. Ra6 h4 63. Ra1 g3 64. Rh1+ Kg4 65. Rg1 h3 66. Ra1
h2 67. Ra4+ Kh3 68. Ra1 g2 0-1

[Event "English Online Blitz Gp1"]
[Site "chess.com INT"]
[Date "2020.05.09"]
[Round "5"]
[White "Zakarian, David"]
[Black "Harvey, Marcus R"]
[Result "0-1"]
[WhiteTitle "FM"]
[BlackTitle "FM"]
[WhiteElo "2306"]
[BlackElo "2440"]
[WhiteFideId "13301276"]
[BlackFideId "400092"]
[EventDate "2020.05.09"]
[EventType "blitz"]

1. e4 e6 2. Nf3 d5 3. e5 c5 4. b4 d4 5. bxc5 Bxc5 6. Ba3 Qa5 7. Qe2 Bd7 8. Bxc5
Qxc5 9. Qc4 Qxc4 10. Bxc4 Nc6 11. d3 Nge7 12. Kd1 a6 13. a4 h5 14. Nbd2 h4 15.
Nb3 Ng6 16. Re1 Rh5 17. Nbxd4 Ngxe5 18. Nxe5 Rxe5 19. Nf3 Rh5 20. h3 Na5 21. Bb3
Bc6 22. Kd2 Bxf3 23. gxf3 Rf5 24. Re3 Nxb3+ 25. cxb3 Rc8 26. Rc1 Rxc1 27. Kxc1
Rg5 28. Re4 Rg2 29. Rxh4 Rxf2 30. Rf4 a5 31. h4 f6 32. b4 e5 33. Rc4 Rxf3 34.
Kd2 Rf2+ 35. Ke3 Ra2 36. bxa5 Kf7 37. Rc7+ Kg6 38. h5+ Kxh5 39. Rxb7 Rxa4 40.
Rxg7 Rxa5 41. Rg1 Ra4 42. Rg2 Rg4 43. Rf2 Kg6 44. Rf1 Rg3+ 45. Ke4 Rg4+ 46. Ke3
Rh4 47. Rg1+ Kf5 48. Rf1+ Ke6 49. Ra1 Rh3+ 50. Ke2 Kf5 51. Rf1+ Kg5 52. Rg1+ Kf5
53. Rf1+ Ke6 54. Ra1 Rg3 55. Rb1 Rg4 56. Ke3 Rd4 57. Rf1 Ra4 58. Rf2 f5 59. Rh2
f4+ 60. Kf3 Ra1 61. Rh8 Rd1 62. Ke2 Ra1 63. Kf3 Re1 64. Re8+ Kd7 65. Rh8 Re3+
66. Kg4 Rxd3 67. Kf5 Re3 68. Ra8 f3 69. Kg4 e4 70. Kg3 Re2 71. Ra1 Ke6 72. Rf1
Ke5 73. Rd1 Rg2+ 74. Kh3 Rg8 75. Rd7 f2 76. Rf7 e3 77. Rf3 Ke4 78. Rf7 e2 79.
Rxf2 e1=Q 80. Rf4+ Kxf4 81. Kh2 Qh4# 0-1

[Event "English Online Blitz Gp1"]
[Site "chess.com INT"]
[Date "2020.05.09"]
[Round "5"]
[White "Kalavannan, Koby"]
[Black "Claridge-Hansen, William"]
[Result "0-1"]
[WhiteTitle "FM"]
[BlackTitle "FM"]
[WhiteElo "2324"]
[BlackElo "2290"]
[WhiteFideId "425753"]
[BlackFideId "422509"]
[EventDate "2020.05.09"]
[EventType "blitz"]

1. d4 Nf6 2. c4 c5 3. Nf3 g6 4. Nc3 cxd4 5. Nxd4 Bg7 6. e4 Nc6 7. Be3 O-O 8. Be2
d6 9. O-O Bd7 10. f3 Nxd4 11. Bxd4 a5 12. Qd2 Bc6 13. Rfd1 Nd7 14. Rac1 Nc5 15.
Nd5 Bxd4+ 16. Qxd4 e5 17. Qe3 Ne6 18. Nb6 Qe7 19. Nxa8 Rxa8 20. Bf1 f5 21. exf5
gxf5 22. c5 Nxc5 23. Bc4+ Kg7 24. Bd5 Rf8 25. Bxc6 bxc6 26. Qd2 Rf6 27. Qxa5 e4
28. Qc3 Nd3 29. Rc2 Qa7+ 30. Kf1 Ne5 31. Qd4 Qa6+ 32. Kg1 exf3 33. Kh1 fxg2+ 34.
Rxg2+ Ng6 35. h4 h5 36. Rdg1 Kf7 37. Rg5 Qe2 38. Rc1 Qf3+ 39. Kh2 Nf4 40. Rg3
Qxg3+ 41. Kxg3 Ne2+ 42. Kf2 Nxd4 43. a4 c5 44. a5 Re6 45. a6 Re2+ 46. Kf1 Rxb2
47. Ra1 Rb8 48. Kf2 Ra8 49. Kg3 Kf6 50. Kf4 Nc6 51. Rd1 Nd4 52. Ra1 d5 53. Ra5
Ne6+ 54. Ke3 Ke5 55. Kd3 f4 56. Ra1 c4+ 57. Kc3 Nc7 58. Re1+ Kf5 59. Kd4 Rxa6
60. Re7 Ne6+ 61. Kxd5 Nd8 62. Re8 Nc6 63. Rf8+ Kg4 64. Kxc4 Ne5+ 65. Kd5 Ng6 66.
Rf7 Kxh4 67. Ke4 Kg4 68. Rb7 h4 69. Rb1 Ra4+ 70. Kd5 Kf5 71. Rh1 f3 72. Rh3 Kg4
73. Rh1 Nf4+ 74. Ke5 Ng2 75. Rc1 f2 76. Rf1 Kg3 77. Rc1 Ne3 78. Rc3 f1=Q 79.
Rxe3+ Kg2 80. Kd5 Qc4+ 81. Ke5 Qd4+ 82. Kf5 Qxe3 83. Kf6 Qc5 84. Kg6 Ra6+ 85.
Kf7 Qc7+ 86. Ke8 Ra8# 0-1

[Event "English Online Blitz Gp1"]
[Site "chess.com INT"]
[Date "2020.05.09"]
[Round "6"]
[White "Bayat, Shohreh"]
[Black "Williams, Simon K"]
[Result "0-1"]
[WhiteTitle "WFM"]
[BlackTitle "GM"]
[WhiteElo "2091"]
[BlackElo "2464"]
[WhiteFideId "12501018"]
[BlackFideId "404454"]
[EventDate "2020.05.09"]
[EventType "blitz"]

1. e4 e6 2. d4 d5 3. exd5 exd5 4. Bd3 c5 5. c3 Nc6 6. Nf3 Nf6 7. h3 Be7 8. O-O
O-O 9. dxc5 Bxc5 10. Nbd2 Qd6 11. Nb3 Bb6 12. Re1 Bxh3 13. gxh3 Qg3+ 14. Kf1
Qxf2# 0-1

[Event "English Online Blitz Gp1"]
[Site "chess.com INT"]
[Date "2020.05.09"]
[Round "6"]
[White "Walker, David J"]
[Black "Adair, James R"]
[Result "0-1"]
[WhiteTitle "FM"]
[BlackTitle "IM"]
[WhiteElo "2271"]
[BlackElo "2450"]
[WhiteFideId "400882"]
[BlackFideId "406252"]
[EventDate "2020.05.09"]
[EventType "blitz"]

1. c4 e5 2. Nc3 Nf6 3. Nf3 Nc6 4. e3 Bb4 5. Qc2 Bxc3 6. Qxc3 Qe7 7. d4 e4 8. Nd2
d5 9. b3 O-O 10. a4 a5 11. Ba3 Nb4 12. Be2 c6 13. O-O Bg4 14. f3 Bh5 15. Rae1
Rfe8 16. fxe4 Bxe2 17. Rxe2 Nxe4 18. Nxe4 dxe4 19. Ref2 f6 20. Rf5 b6 21. R1f4
c5 22. Bxb4 axb4 23. d5 bxc3 0-1

[Event "English Online Blitz Gp1"]
[Site "chess.com INT"]
[Date "2020.05.09"]
[Round "6"]
[White "Ghasi, Ameet K"]
[Black "Cooper, Lawrence H"]
[Result "1-0"]
[WhiteTitle "IM"]
[BlackTitle "IM"]
[WhiteElo "2485"]
[BlackElo "2331"]
[WhiteFideId "409200"]
[BlackFideId "401536"]
[EventDate "2020.05.09"]
[EventType "blitz"]

1. Nf3 Nf6 2. g3 b5 3. Bg2 Bb7 4. O-O e6 5. d3 d5 6. Nbd2 Nbd7 7. e4 dxe4 8.
dxe4 Nxe4 9. Ng5 Nxd2 10. Bxb7 Nxf1 11. Qh5 g6 12. Qf3 Ne5 13. Bc6+ Nxc6 14.
Qxf7# 1-0

[Event "English Online Blitz Gp1"]
[Site "chess.com INT"]
[Date "2020.05.09"]
[Round "6"]
[White "Arkell, Keith C"]
[Black "Pollack, Oscar"]
[Result "1-0"]
[WhiteTitle "GM"]
[WhiteElo "2429"]
[BlackElo "2057"]
[WhiteFideId "400270"]
[BlackFideId "429414"]
[EventDate "2020.05.09"]
[EventType "blitz"]

1. d4 Nf6 2. Nf3 c5 3. d5 b5 4. Bg5 d6 5. Bxf6 gxf6 6. e4 Bb7 7. Bxb5+ Nd7 8.
Nbd2 Bg7 9. c3 Rg8 10. Nh4 Qc7 11. Nf5 Bf8 12. O-O a6 13. Be2 Rb8 14. Nc4 Ne5
15. Qa4+ Qd7 16. Qxd7+ Kxd7 17. Na5 Bc8 18. b3 Ke8 19. f4 Bxf5 20. exf5 Ng4 21.
Rf3 Nh6 22. Bd3 Rb6 23. Re1 Kd7 24. h3 Bg7 25. Rfe3 Re8 26. g4 Bf8 27. Kg2 Ng8
28. a3 Reb8 29. b4 cxb4 30. axb4 Rc8 31. Bc2 Rb5 32. Ba4 Bh6 33. Kf3 Kd8 34.
Bxb5 axb5 35. Nc6+ Kd7 36. Rxe7+ Nxe7 37. Rxe7# 1-0

[Event "English Online Blitz Gp1"]
[Site "chess.com INT"]
[Date "2020.05.09"]
[Round "6"]
[White "Hunt, Adam C"]
[Black "Sedykh, Mikhail"]
[Result "1/2-1/2"]
[WhiteTitle "IM"]
[WhiteElo "2398"]
[BlackElo "2119"]
[WhiteFideId "403970"]
[BlackFideId "447498"]
[EventDate "2020.05.09"]
[EventType "blitz"]

1. e4 e5 2. Nf3 Nf6 3. d4 Nxe4 4. Bd3 d5 5. Nxe5 Nd7 6. c4 Nxe5 7. dxe5 Bb4+ 8.
Nd2 Bxd2+ 9. Bxd2 Nxd2 10. Qxd2 dxc4 11. Bxc4 Qxd2+ 12. Kxd2 Bf5 13. Ke3 O-O 14.
f3 Rfe8 15. Kf4 Be6 16. Bd3 Rad8 17. Be4 c6 18. Rhd1 Rxd1 19. Rxd1 Bxa2 20. Ra1
Be6 21. Rxa7 Bc8 22. Bf5 Bxf5 23. Kxf5 g6+ 24. Ke4 Re7 25. f4 Kg7 26. Kd4 Rd7+
27. Kc5 Rd5+ 28. Kb6 Rb5+ 29. Kc7 Rxb2 30. Rxb7 Rxg2 31. Kxc6 Kf8 32. e6 fxe6
33. Rxh7 Rg4 34. Kd6 Rxf4 35. Kxe6 Kg8 36. Rb7 Rf2 37. Ke5 Rxh2 38. Kf6 Rg2 39.
Rg7+ Kf8 40. Rxg6 Rxg6+ 41. Kxg6 1/2-1/2

[Event "English Online Blitz Gp1"]
[Site "chess.com INT"]
[Date "2020.05.09"]
[Round "6"]
[White "Dong, Bao Nghia"]
[Black "Walton, Alan J"]
[Result "1-0"]
[WhiteTitle "CM"]
[BlackTitle "CM"]
[WhiteElo "2227"]
[BlackElo "2120"]
[WhiteFideId "12400343"]
[BlackFideId "409898"]
[EventDate "2020.05.09"]
[EventType "blitz"]

1. d4 e6 2. Bf4 b6 3. e3 Bb7 4. a4 f5 5. a5 Nf6 6. h3 d6 7. Nf3 Nbd7 8. c3 Ne4
9. Bc4 Qf6 10. axb6 axb6 11. Rxa8+ Bxa8 12. Qa4 Bd5 13. Bxd5 exd5 14. Qa8+ Qd8
15. Qxd5 Qf6 16. Nbd2 Nxd2 17. Kxd2 Be7 18. Ra1 Bd8 19. Ra8 h6 20. g4 fxg4 21.
hxg4 g5 22. Nxg5 hxg5 23. Qxg5 Kf7 24. Qd5+ Qe6 25. Qf3 Nf6 26. g5 Rh3 27. Qg2
Ne4+ 28. Kd3 Bxg5 29. Qxe4 Qxe4+ 30. Kxe4 Bxf4 31. Kxf4 Rh1 32. Rc8 Ke6 33. Rxc7
Rb1 34. b4 Rb3 35. Ke4 Rxc3 36. Rxc3 1-0